000 00252nam a2200109Ia 4500
008 190216s9999||||xx |||||||||||||| ||und||
100 _aSukumaran M
245 0 _aMarichittillathavarude Smarakangal
260 _bNull
650 _aKathakal
942 _cBK
999 _c25414
_d25414